El I Congreso Nacional de Pedagogia
Colección:
San Jorge,
; núm. 19 (juliol 1955), pàg 76
Materias:
Congreso Nacional de Pedagogía -- (1r : -- 1955 : -- Barcelona, Catalunya)
; Pedagogia -- Congressos
Idioma:
Español
MARC
| LEADER | 00000naa a2200000 a 4500 | ||
|---|---|---|---|
| 003 | Arxiu | ||
| 005 | 20260324181024.0 | ||
| 008 | 160829s1955 spcaxx s spa c | ||
| 040 | |a AGDB | ||
| 245 | 0 | 3 | |a El I Congreso Nacional de Pedagogia |
| 246 | 3 | 3 | |a Primer Congreso Nacional de Pedagogia |
| 490 | |a San Jorge, |v núm. 19 (juliol 1955), pàg 76 | ||
| 611 | 0 | |9 55581 |a Congreso Nacional de Pedagogía |n (1r : |d 1955 : |c Barcelona, Catalunya) | |
| 650 | |a Pedagogia |x Congressos |9 21255 | ||
| 773 | |g Núm. 19 (juliol 1955), pàg 76 |t San Jorge. | ||
| 901 | |a Arxiu | ||
| 942 | |n 1 |2 udc |c ART | ||
| 952 | |0 0 |1 0 |4 0 |6 REV510 |7 1 |9 65259 |a Arxiu |b Arxiu |d 2023-02-09 |l 0 |o Rev-510 |r 2023-02-09 00:00:00 |w 2023-02-09 |y ARXIU |z També disponible a Rev-524 | ||
| 999 | |c 43782 |d 43782 | ||